Top Arms Exporting Countries - Statistics

General Stats
  • This quiz has been taken 92,648 times
    7,294 since last reset
  • The average score is 16 of 18
Answer Stats
USD Country % Correct
115 bil United States
100%
39.7 bil Russia
99%
16.3 bil China
98%
9.95 bil United Kingdom
98%
27.5 bil France
97%
16.3 bil Germany
97%
6.88 bil Spain
93%
10.9 bil Italy
92%
1.73 bil Canada
90%
1.53 bil Poland
84%
8.26 bil South Korea
82%
4.06 bil Turkey
82%
1.91 bil Ukraine
80%
2.17 bil Sweden
79%
11.1 bil Israel
77%
4.80 bil Netherlands
73%
1.87 bil Norway
73%
1.50 bil Switzerland
62%
No matching quizzes found
Score Distribution
Percent of People with Each Score
Percentile by Number Answered
Your Score History
You have not taken this quiz since the last reset